000 nam a22 7a 4500
999 _c44711
_d44711
003 OSt
005 20190211152233.0
008 190211b xxu||||| |||| 00| 0 eng d
040 _cIIMT COLLEGE OF PHARMACY
100 _aK.D TRIPATHI
245 _aPHARMACOLY
260 _aNEW DELHI
_bJAYPEE
_c2019
300 _a1064
942 _2ddc
_c02